000 00424nam a22001697a 4500
005 20171004155256.0
008 160701b xxu||||| |||| 00| 0 eng d
020 _a978-81-9252-42
041 _aeng
082 _b20622
100 _aKurmi,R.s & Gupta, J.K
_93414
245 _aTheory of Machines
260 _aNew Delhi
_bSultan Chand & Sons,
_c2015
300 _a1062
650 _aDiploma Engineering
_9817
942 _cBK
999 _c5098
_d5096